[Event "XXIV Festival Conca della Presolana A"]
[Site "Bratto - Castione della Presolana ITA"]
[Date "2004.08.23"]
[Round "4"]
[White "Bancod, Ronald"]
[Black "D'Innocente, Stefano"]
[Result "0-1"]
[WhiteElo "2354"]
[BlackElo "2197"]
[PlyCount "86"]
[EventDate "2004.08.20"]

1.e4 c5 2.Nf3 d6 3.Bb5+ Bd7 4.a4 Nf6 5.Nc3 Nc6 6.h3 a6 7.Bc4 e6 8.d3 Be7 
9.O-O O-O 10.Nh2 Nd4 11.Ba2 b5 12.axb5 axb5 13.Ne2 Nxe2+ 14.Qxe2 Bc6 15.f4
d5 16.e5 Ne8 17.f5 exf5 18.Rxf5 Nc7 19.Ng4 Ne6 20.Nh6+ gxh6 21.Bxh6 Kh8 
22.c3 Rg8 23.d4 Rg6 24.Be3 cxd4 25.cxd4 Kg8 26.Kh2 Bg5 27.Bf2 Bf4+ 28.Kh1 
Bh6 29.b4 Qd7 30.Rf1 Nf4 31.Rxf4 Bxf4 32.Bb1 Ra1 33.Qb2 Qa7 34.Bg1 Bh6 35.
Rf3 Bf8 36.Kh2 Bd7 37.Bf2 Be6 38.Rb3 Ra6 39.Qe2 Ra3 40.Rb2 Rg7 41.Qxb5 
Rxh3+ 42.Kg1 Qa3 43.Qe2 Rb3 0-1

[Event "XXIV Festival Conca della Presolana A"]
[Site "Bratto - Castione della Presolana ITA"]
[Date "2004.08.23"]
[Round "4"]
[White "Barletta, Antonio"]
[Black "Moncelli, Giorgio"]
[Result "0-1"]
[WhiteElo "2066"]
[BlackElo "2141"]
[PlyCount "160"]
[EventDate "2004.08.20"]

1.e4 e5 2.Nf3 Nc6 3.Bb5 a6 4.Ba4 Nf6 5.O-O Be7 6.Re1 b5 7.Bb3 d6 8.c3 O-O 
9.h3 Bb7 10.d4 Re8 11.Ng5 Rf8 12.Nf3 h6 13.Nbd2 Re8 14.Nf1 Bf8 15.Ng3 Na5 
16.Bc2 Nc4 17.b3 Nb6 18.Bb2 c5 19.dxe5 dxe5 20.Qe2 c4 21.Rad1 Qc7 22.Rd2 
b4 23.Rdd1 bxc3 24.Bc1 a5 25.Nh2 cxb3 26.Bxb3 a4 27.Bc2 g6 28.Qf3 Nbd7 29.
Re3 Rec8 30.Rdd3 h5 31.Rxc3 Qa5 32.Bd2 Bb4 33.Rxc8+ Rxc8 34.Bxb4 Qxb4 35.
Qe2 Ba6 36.Qxa6 Rxc2 37.a3 Qb2 38.Rf3 Rc1+ 39.Ngf1 Kg7 40.Qxa4 Nc5 41.Qb4 
Qa1 42.Re3 Ne6 43.g3 Nd4 44.Qe7 Rc2 45.Qb4 Qa2 46.Qe1 Rb2 47.Rd3 Re2 48.
Rd2 Rxd2 49.Qxd2 Qxa3 50.Qg5 Qb2 51.Kg2 Qxf2+ 52.Kxf2 Nxe4+ 53.Ke3 Nxg5 
54.h4 Nge6 55.Ke4 f6 56.Ne3 Kf7 57.Nhf1 Ne2 58.Kd5 Ke7 59.Ke4 N6d4 60.Kd5 
Nf5 61.Nxf5+ gxf5 62.Kc6 Ke6 63.Kc5 f4 64.gxf4 Nxf4 65.Ng3 Ng6 66.Nxh5 
Nxh4 67.Ng7+ Kf7 68.Nh5 Kg6 69.Ng3 Kg5 70.Kd5 Kg4 71.Ne4 Kf5 72.Nd6+ Kf4 
73.Ke6 f5 74.Kd5 e4 75.Kd4 Kf3 76.Nc4 Ng2 77.Ke5 e3 78.Kxf5 e2 79.Nd2+ Kf2
80.Ne4+ Ke3 0-1

[Event "XXIV Festival Conca della Presolana A"]
[Site "Bratto - Castione della Presolana ITA"]
[Date "2004.08.23"]
[Round "4"]
[White "Bellini, Fabio"]
[Black "Shytaj, Luca"]
[Result "1/2-1/2"]
[WhiteElo "2509"]
[BlackElo "2344"]
[PlyCount "60"]
[EventDate "2004.08.20"]

1.e4 c5 2.c3 Nf6 3.e5 Nd5 4.d4 cxd4 5.Nf3 Nc6 6.cxd4 e6 7.Bc4 d6 8.O-O Be7
9.exd6 Qxd6 10.Nc3 Nxc3 11.bxc3 O-O 12.Re1 Bd7 13.Ng5 e5 14.Ne4 Qg6 15.Ng3
exd4 16.Bd3 Qd6 17.Rb1 dxc3 18.Rxb7 Rad8 19.Ne4 Qg6 20.Ng3 Bc8 21.Bxg6 
Rxd1 22.Rxd1 Bxb7 23.Be4 Rd8 24.Rxd8+ Bxd8 25.Bd5 Na5 26.Bxb7 Nxb7 27.Ne4 
Ba5 28.g4 Nd8 29.Kf1 Nc6 30.Ke2 f6 1/2-1/2

[Event "XXIV Festival Conca della Presolana A"]
[Site "Bratto - Castione della Presolana ITA"]
[Date "2004.08.23"]
[Round "4"]
[White "Bentivegna, Francesco"]
[Black "Ceccarini, Marco"]
[Result "1/2-1/2"]
[WhiteElo "2250"]
[BlackElo "2091"]
[PlyCount "112"]
[EventDate "2004.08.20"]

1.d4 d5 2.Bg5 Nf6 3.Nc3 e6 4.e4 dxe4 5.Nxe4 Be7 6.Bxf6 Bxf6 7.Nf3 b6 8.
Bb5+ c6 9.Bd3 Bb7 10.Qe2 Qc7 11.O-O-O Nd7 12.Kb1 O-O-O 13.Ba6 Be7 14.Bxb7+
Kxb7 15.c4 h6 16.Rd3 Nf6 17.Ne5 Bd6 18.f4 Nxe4 19.Qxe4 Bxe5 20.fxe5 Rd7 
21.h4 h5 22.Rf1 Re8 23.Rf4 g6 24.Qf3 Ree7 25.Qf2 Kb8 26.Rdf3 Kb7 27.g3 Kb8
28.Rd3 Kb7 29.Qf3 Kb8 30.Qe4 Kb7 31.Kc2 Kb8 32.b4 a6 33.Kb3 Ka7 34.Rf1 Kb8
35.a4 Ka7 36.Ra1 Qb7 37.Rad1 Qc7 38.Rc1 Qb7 39.Rc2 Qc7 40.Rcd2 Kb8 41.Kc2 
Qb7 42.Kd1 Qc7 43.Ke2 Ka7 44.Kf1 Re8 45.Kg1 Ree7 46.Rc2 c5 47.a5 Rxd4 48.
Rxd4 cxd4 49.Qxd4 Rd7 50.Qe3 Kb7 51.c5 Rd1+ 52.Kf2 bxa5 53.c6+ Kc8 54.Qe2 
Qb6+ 55.Kg2 Rd5 56.bxa5 Qxa5 1/2-1/2

[Event "XXIV Festival Conca della Presolana A"]
[Site "Bratto - Castione della Presolana ITA"]
[Date "2004.08.23"]
[Round "4"]
[White "Bernard, Jacques"]
[Black "Simeone, Giulio"]
[Result "1-0"]
[WhiteElo "2222"]
[BlackElo "2024"]
[PlyCount "27"]
[EventDate "2004.08.20"]

1.e4 c6 2.d4 d5 3.e5 Bf5 4.c3 e6 5.Be3 Ne7 6.Nd2 Bg6 7.f4 Nf5 8.Bf2 h5 9.
Ngf3 Qc7 10.Rc1 c5 11.c4 b6 12.cxd5 exd5 13.Bb5+ Nd7 14.e6 1-0

[Event "XXIV Festival Conca della Presolana A"]
[Site "Bratto - Castione della Presolana ITA"]
[Date "2004.08.23"]
[Round "4"]
[White "Bianco, Raffaele"]
[Black "Sbarra, Marco"]
[Result "0-1"]
[WhiteElo "2097"]
[BlackElo "2228"]
[PlyCount "100"]
[EventDate "2004.08.20"]

1.e4 e5 2.Nf3 Nc6 3.Bb5 a6 4.Ba4 Nf6 5.O-O b5 6.Bb3 Bc5 7.c3 d6 8.a4 Bb7 
9.d4 Bb6 10.Bg5 h6 11.Bxf6 Qxf6 12.axb5 axb5 13.Rxa8+ Bxa8 14.Bd5 O-O 15.
dxe5 Nxe5 16.Nxe5 Qxe5 17.Bxa8 Rxa8 18.Nd2 Bc5 19.Qc2 b4 20.Nf3 Qe7 21.Re1
bxc3 22.bxc3 Qe6 23.Nd4 Qc4 24.Qb3 Qd3 25.Qc2 Qc4 26.Qb3 Ra4 27.Rd1 Bxd4 
28.Qxc4 Bxf2+ 29.Kxf2 Rxc4 30.Rd3 Rxe4 31.Kf3 Rc4 32.Ke2 f5 33.Rf3 g6 34.
Kd3 Re4 35.Rf2 Kf7 36.Ra2 d5 37.Ra5 c6 38.Ra7+ Kf6 39.Rh7 Kg5 40.Rc7 Rc4 
41.Rd7 Rg4 42.g3 f4 43.h4+ Kh5 44.gxf4 Rxf4 45.Rd6 Rc4 46.Rf6 g5 47.hxg5 
hxg5 48.Rf1 g4 49.Rh1+ Kg5 50.Rg1 Kf4 0-1

[Event "XXIV Festival Conca della Presolana A"]
[Site "Bratto - Castione della Presolana ITA"]
[Date "2004.08.23"]
[Round "4"]
[White "Boccalatte, Piero"]
[Black "Marta, Daniele"]
[Result "1/2-1/2"]
[WhiteElo "2002"]
[BlackElo "2089"]
[PlyCount "105"]
[EventDate "2004.08.20"]

1.d4 Nf6 2.c4 g6 3.Nc3 Bg7 4.e4 d6 5.Bd3 O-O 6.Nge2 c5 7.d5 e6 8.O-O exd5 
9.cxd5 Nbd7 10.f4 a6 11.a4 Re8 12.Ng3 Qc7 13.Qf3 c4 14.Bc2 Nc5 15.h3 Bd7 
16.f5 b5 17.fxg6 fxg6 18.Bg5 Rf8 19.axb5 Nfxe4 20.Qe3 Nxg3 21.Rxf8+ Rxf8 
22.Qxg3 axb5 23.Bf4 Rf6 24.Ra8+ Bf8 25.Qg5 Rf7 26.Qg3 Bc8 27.Kh2 Qb7 28.
Ra5 b4 29.Rb5 Qe7 30.Rxb4 Qf6 31.Rxc4 Ba6 32.Bg5 Qf2 33.Qxf2 Rxf2 34.Nd1 
Bxc4 35.Nxf2 Bxd5 36.b4 Nd7 37.Ne4 Kg7 38.Bd2 Bc4 39.Bc3+ Kg8 40.Nd2 Be6 
41.Bd4 d5 42.b5 Bc5 43.Bxc5 Nxc5 44.Nf3 Bc8 45.Nd4 Kf7 46.Kg3 Kf6 47.h4 h6
48.Kf3 g5 49.g3 gxh4 50.gxh4 Ke5 51.Ke3 Bh3 52.Bg6 Bd7 53.Bc2 1/2-1/2

[Event "XXIV Festival Conca della Presolana A"]
[Site "Bratto - Castione della Presolana ITA"]
[Date "2004.08.23"]
[Round "4"]
[White "Bottino, Alexiei"]
[Black "Capitelli, Paolo"]
[Result "0-1"]
[WhiteElo "2061"]
[BlackElo "2137"]
[PlyCount "52"]
[EventDate "2004.08.20"]

1.d4 Nf6 2.c4 g6 3.Nc3 Bg7 4.e4 d6 5.Nf3 O-O 6.Be2 e5 7.d5 a5 8.Bg5 h6 9.
Bh4 Na6 10.Nd2 Qe8 11.O-O Bd7 12.Rb1 Nh7 13.f3 h5 14.Bf2 Bh6 15.Re1 Qe7 
16.Nf1 Kh8 17.b3 f5 18.a3 Nf6 19.Nd2 f4 20.b4 axb4 21.axb4 g5 22.c5 g4 23.
c6 bxc6 24.dxc6 Be6 25.Bh4 Qg7 26.Nc4 gxf3 0-1

[Event "XXIV Festival Conca della Presolana A"]
[Site "Bratto - Castione della Presolana ITA"]
[Date "2004.08.23"]
[Round "4"]
[White "Bresciani, Nicola"]
[Black "Agnelli, Francesco"]
[Result "1-0"]
[WhiteElo "2284"]
[BlackElo "2097"]
[PlyCount "126"]
[EventDate "2004.08.20"]

1.e4 c5 2.Nf3 Nc6 3.d4 cxd4 4.Nxd4 e5 5.Nb5 d6 6.c4 f5 7.exf5 Bxf5 8.Bd3 
Be6 9.O-O Be7 10.Nd2 Nf6 11.Nc3 O-O 12.Nf3 Bg4 13.h3 Bh5 14.Be2 Bg6 15.Nh4
Bf7 16.Nf5 Be6 17.Nxe7+ Qxe7 18.Be3 Qf7 19.Qa4 Qg6 20.Kh2 Ne7 21.Rad1 Nf5 
22.Nd5 Bxd5 23.cxd5 Nxe3 24.fxe3 Ne4 25.Bf3 Qg3+ 26.Kg1 Ng5 27.Qg4 Nxf3+ 
28.Rxf3 Qxg4 29.hxg4 Rac8 30.Rd2 Rc4 31.Kf2 Rxg4 32.Rc2 Rb4 33.b3 h5 34.
Rc7 Rxf3+ 35.Kxf3 Kh7 36.Rd7 Rb6 37.Ke4 Kg6 38.Kd3 Kf6 39.Kc4 a5 40.a3 h4 
41.e4 g6 42.Rh7 Kg5 43.Rg7 Kh5 44.Rf7 Kg4 45.b4 axb4 46.axb4 Ra6 47.Rxb7 
Ra2 48.Rd7 Rxg2 49.Rxd6 g5 50.b5 Rb2 51.Rh6 h3 52.d6 Kg3 53.Kc5 h2 54.d7 
Rd2 55.Kc6 Kg2 56.b6 Rc2+ 57.Kd6 h1=Q 58.Rxh1 Kxh1 59.b7 g4 60.b8=Q Rd2+ 
61.Kc7 g3 62.Qh8+ Rh2 63.d8=Q g2 1-0

[Event "XXIV Festival Conca della Presolana A"]
[Site "Bratto - Castione della Presolana ITA"]
[Date "2004.08.23"]
[Round "4"]
[White "Campanile, Roberto"]
[Black "Gromovs, Sergejs"]
[Result "1-0"]
[WhiteElo "2183"]
[BlackElo "2341"]
[PlyCount "85"]
[EventDate "2004.08.20"]

1.d4 d5 2.Nf3 Bf5 3.c4 e6 4.Nc3 Nc6 5.a3 Nge7 6.e3 a6 7.Nh4 Be4 8.f3 Bg6 
9.Bd2 e5 10.Nxg6 hxg6 11.cxd5 Nxd5 12.dxe5 Bc5 13.Nxd5 Qxd5 14.Bc3 Qe6 15.
Qd3 Rh4 16.f4 Rd8 17.Qe4 f5 18.Qf3 g5 19.g3 Rh8 20.Qe2 gxf4 21.gxf4 Qh6 
22.Bg2 Qh4+ 23.Kf1 Qe7 24.h4 Qe6 25.Rh3 Rh6 26.Rd1 Rxd1+ 27.Qxd1 Ne7 28.
Qd3 Qb3 29.Ke2 Rg6 30.Bf3 Rg1 31.Rh1 Rxh1 32.Bxh1 Qf7 33.Bf3 Qe6 34.Bd4 
Qb6 35.Bxc5 Qxc5 36.Bxb7 Qb6 37.Qxa6 Qxb2+ 38.Kf3 Qh2 39.Bc6+ Kf7 40.Qc4+ 
Kf8 41.Bd7 Ng6 42.Qb4+ Kf7 43.Qb3+ 1-0

[Event "XXIV Festival Conca della Presolana A"]
[Site "Bratto - Castione della Presolana ITA"]
[Date "2004.08.23"]
[Round "4"]
[White "Cardini, Saverio"]
[Black "Young, Craig A."]
[Result "1/2-1/2"]
[WhiteElo "2026"]
[BlackElo "2124"]
[PlyCount "180"]
[EventDate "2004.08.20"]

1.d4 d5 2.Nf3 Nf6 3.Bf4 c6 4.c3 e6 5.e3 Be7 6.Bd3 Nbd7 7.Nbd2 Nh5 8.Bg3 
Nxg3 9.hxg3 h6 10.Ne5 Nxe5 11.dxe5 Qb6 12.Rb1 Bd7 13.Qg4 Bf8 14.Qf4 Qd8 
15.g4 g5 16.Qg3 Bg7 17.f4 gxf4 18.exf4 Qc7 19.Nf3 O-O-O 20.Qf2 Kb8 21.b4 
f6 22.Qe3 fxe5 23.fxe5 Rhf8 24.O-O Bh8 25.Qxh6 Bxe5 26.Nxe5 Rxf1+ 27.Rxf1 
Qxe5 28.Qf6 Qxf6 29.Rxf6 Rg8 30.Rg6 Rxg6 31.Bxg6 Kc7 32.g5 Kd6 33.Kf2 e5 
34.Kf3 Ke7 35.g4 Kf8 36.Bf5 Be8 37.Bc8 b6 38.a3 Kg7 39.Bf5 Kf8 40.Ke3 Ke7 
41.Kd3 Bf7 42.Bh7 Be6 43.Bf5 Bg8 44.Bg6 c5 45.bxc5 bxc5 46.Ke3 c4 47.Bf5 
Kd6 48.Bg6 Kc5 49.Be8 Kd6 50.Bg6 Be6 51.Bf5 Ke7 52.Kf3 Bf7 53.Bh7 Kf8 54.
Bf5 Kg7 55.Ke3 Bg8 56.Kf3 Bf7 57.Ke3 Be8 58.Be6 Bc6 59.Bf5 Kf7 60.Bh7 Kg7 
61.Bf5 Bb7 62.Kd2 Kf7 63.Ke3 Bc6 64.Bh7 Be8 65.Bf5 Kf8 66.Be6 Bf7 67.Bf5 
Bg8 68.Bg6 Ke7 69.Kf3 Ke6 70.Ke3 Kd6 71.Ke2 e4 72.Ke3 Ke5 73.Bf5 Be6 74.g6
Bg8 75.Bd7 Be6 76.g7 Bg8 77.g5 Kd6 78.Bf5 Ke7 79.Bg6 Ke6 80.Kf4 Ke7 81.Ke3
Kd7 82.Kf4 Kd6 83.Bf5 Ke7 84.Bg6 Ke6 85.Bh5 Ke7 86.Bg6 Kd6 87.Bf5 Ke7 88.
Bg6 Ke6 89.Bh5 Bh7 90.Bg6 Bg8 1/2-1/2

[Event "XXIV Festival Conca della Presolana A"]
[Site "Bratto - Castione della Presolana ITA"]
[Date "2004.08.23"]
[Round "4"]
[White "Caruso, Augusto"]
[Black "Tatai, Stefano"]
[Result "0-1"]
[WhiteElo "2208"]
[BlackElo "2357"]
[PlyCount "32"]
[EventDate "2004.08.20"]

1.e4 c5 2.Nf3 d6 3.d4 cxd4 4.Nxd4 Nf6 5.Nc3 a6 6.Bg5 e6 7.f4 Be7 8.Qf3 Qc7
9.O-O-O Nbd7 10.Be2 h6 11.Bh4 g5 12.fxg5 Ne5 13.Qe3 Nfg4 14.Qf4 Qd8 15.h3 
hxg5 16.hxg4 gxf4 0-1

[Event "XXIV Festival Conca della Presolana A"]
[Site "Bratto - Castione della Presolana ITA"]
[Date "2004.08.23"]
[Round "4"]
[White "Castaldo, Folco"]
[Black "Maiorov, Nikita"]
[Result "1/2-1/2"]
[WhiteElo "2318"]
[BlackElo "2414"]
[PlyCount "131"]
[EventDate "2004.08.20"]

1.Nf3 Nf6 2.c4 b6 3.g3 Bb7 4.Bg2 e6 5.O-O Be7 6.Nc3 O-O 7.d4 Na6 8.a3 d6 
9.Qc2 c5 10.d5 exd5 11.Nh4 g6 12.cxd5 Nc7 13.e4 Nd7 14.Nf3 Bf6 15.Bf4 Qe7 
16.Rad1 g5 17.Bc1 g4 18.Ne1 Ne5 19.f4 gxf3 20.Nxf3 Ba6 21.Nxe5 Bxe5 22.Rf3
Bc8 23.Bh6 Bg4 24.Bxf8 Qxf8 25.Rdf1 Bxf3 26.Bxf3 Qg7 27.Bh5 Rf8 28.Kg2 Ne8
29.Rf5 Nf6 30.Qe2 Kh8 31.Qf3 Qh6 32.b3 Qg7 33.Nd1 b5 34.Ne3 Rg8 35.g4 Bd4 
36.h3 Re8 37.Nc2 Bb2 38.Ne3 Rxe4 39.Rxf6 Rxe3 40.Rxd6 Rxf3 41.Rd8+ Qg8 42.
Rxg8+ Kxg8 43.Kxf3 Bxa3 44.d6 c4 45.bxc4 bxc4 46.d7 Be7 47.Ke4 c3 48.Kd3 
Bf6 49.d8=Q+ Bxd8 50.Kxc3 Kg7 51.Kc4 f6 52.Be8 Kh6 53.h4 f5 54.gxf5 Bxh4 
55.Kd3 Kg5 56.Ke2 Kg4 57.Kf1 Kh3 58.Kg1 Bf6 59.Kh1 a5 60.Ba4 h6 61.Bb5 Ba1
62.Bd7 Kg3 63.f6 Bxf6 64.Be8 Bd4 65.Ba4 Bb6 66.Bb5 1/2-1/2

[Event "XXIV Festival Conca della Presolana A"]
[Site "Bratto - Castione della Presolana ITA"]
[Date "2004.08.23"]
[Round "4"]
[White "Castelfranchi, Carlo"]
[Black "Astengo, Marcello"]
[Result "1-0"]
[WhiteElo "2086"]
[BlackElo "2056"]
[PlyCount "63"]
[EventDate "2004.08.20"]

1.e4 e6 2.d4 d5 3.Nd2 Nf6 4.e5 Ng8 5.Bd3 c5 6.c3 cxd4 7.cxd4 Qb6 8.Ne2 Bd7
9.O-O Bb5 10.Bb1 Nc6 11.Nf3 Rc8 12.Be3 Bb4 13.a3 Qa6 14.Ng3 Bxf1 15.Nxf1 
Bf8 16.Ng5 g6 17.Qf3 Nh6 18.Qf6 Rg8 19.Nxh7 Be7 20.Qf4 Nf5 21.Bxf5 gxf5 
22.Ng3 Rg4 23.Qh6 Nxd4 24.Nh5 Ne2+ 25.Kh1 Nc1 26.Kg1 Rg6 27.N5f6+ Kd8 28.
Qh5 Ne2+ 29.Kh1 d4 30.Ng5 Rxg5 31.Bxg5 Nc1 32.h4 1-0

[Event "XXIV Festival Conca della Presolana A"]
[Site "Bratto - Castione della Presolana ITA"]
[Date "2004.08.23"]
[Round "4"]
[White "Cebalo, Miso"]
[Black "Zimina, Olga"]
[Result "1-0"]
[WhiteElo "2527"]
[BlackElo "2430"]
[PlyCount "81"]
[EventDate "2004.08.20"]

1.d4 d5 2.c4 e6 3.Nf3 c6 4.Qc2 Nf6 5.Bg5 dxc4 6.Qxc4 b5 7.Qc2 Bb7 8.e3 
Nbd7 9.Be2 Qb6 10.Nc3 a6 11.a4 b4 12.a5 Qc7 13.Nb1 c5 14.Nbd2 Rc8 15.O-O 
Be7 16.Rfc1 Qb8 17.Bxf6 Bxf6 18.Qa4 O-O 19.Nc4 Rfd8 20.Nb6 Nxb6 21.axb6 
Bxf3 22.gxf3 Qxb6 23.Qxa6 Qb8 24.Rxc5 Rxc5 25.dxc5 Bxb2 26.Ra5 Bc3 27.Rb5 
Qc8 28.Qb6 g6 29.c6 Rd6 30.Rc5 Kg7 31.f4 Bf6 32.Qb7 Rd8 33.Ba6 Rd1+ 34.Kg2
Qf8 35.Rc2 Qd6 36.c7 b3 37.c8=Q bxc2 38.Qxc2 Ra1 39.Bb5 e5 40.Qb3 Be7 41.
Q7d5 1-0

[Event "XXIV Festival Conca della Presolana A"]
[Site "Bratto - Castione della Presolana ITA"]
[Date "2004.08.23"]
[Round "4"]
[White "Cugini, Verter"]
[Black "Agrifoglio, Fabio"]
[Result "1-0"]
[WhiteElo "2219"]
[BlackElo "2022"]
[PlyCount "121"]
[EventDate "2004.08.20"]

1.e4 c5 2.g3 Nc6 3.Bg2 g6 4.Ne2 Bg7 5.O-O d6 6.d3 e5 7.Nbc3 Nge7 8.Nd5 
Nxd5 9.exd5 Ne7 10.Nc3 f5 11.f4 O-O 12.a4 a6 13.a5 Bd7 14.Be3 Re8 15.fxe5 
Bxe5 16.d4 cxd4 17.Bxd4 Nc8 18.Bxe5 Rxe5 19.Qd4 Qe7 20.Rad1 Na7 21.Rd2 Nb5
22.Nxb5 axb5 23.b4 Rc8 24.Qb6 Be8 25.Rf3 Qc7 26.Qf2 Bf7 27.Rfd3 Rce8 28.h4
Re1+ 29.Kh2 R8e5 30.Bf3 Qe7 31.Rc3 g5 32.Rc8+ Kg7 33.Qd4 Qf6 34.hxg5 Qxg5 
35.Qf4 Qe7 36.Qh4 Rb1 37.Qxe7 Rxe7 38.c3 Rc1 39.Bg2 Be8 40.Rf2 Rce1 41.Rd8
Rd7 42.Rb8 Bg6 43.Bf1 Bf7 44.Rxf5 Bxd5 45.Rxd5 Rxf1 46.Rxb5 Rff7 47.Kh3 
Kf6 48.Kg4 d5 49.Kf4 Ke6+ 50.Ke3 Rg7 51.Rb6+ Kf5 52.Kf3 Rgf7 53.g4+ Kg5+ 
54.Kg3 Rg7 55.Rf8 Rg6 56.Rf5+ Kh6 57.Rff6 Rc7 58.Kh4 Kg7 59.Rxg6+ hxg6 60.
Kg5 Rxc3 61.Rxb7+ 1-0

[Event "XXIV Festival Conca della Presolana A"]
[Site "Bratto - Castione della Presolana ITA"]
[Date "2004.08.23"]
[Round "4"]
[White "Danieli, Enrico"]
[Black "Lanzani, Giuliano"]
[Result "1/2-1/2"]
[WhiteElo "2139"]
[BlackElo "2074"]
[PlyCount "102"]
[EventDate "2004.08.20"]

1.Nf3 d5 2.d4 e6 3.e3 Nd7 4.Bd3 Bd6 5.O-O e5 6.dxe5 Nxe5 7.Nxe5 Bxe5 8.Qe2
Nf6 9.e4 O-O 10.h3 dxe4 11.Bc4 Bf5 12.c3 Re8 13.Bg5 h6 14.Bh4 Qd6 15.Na3 
a6 16.Rad1 Qe7 17.Nc2 g5 18.Bg3 Bg6 19.Bxe5 Qxe5 20.Ne3 Rad8 21.Bb3 Kg7 
22.Rfe1 Nh5 23.g3 f5 24.Rxd8 Rxd8 25.Rd1 Rxd1+ 26.Qxd1 Qd6 27.Qxh5 Bxh5 
28.Nxf5+ Kf6 29.Nxd6 cxd6 30.Bd5 e3 31.fxe3 b6 32.Kf2 Ke5 33.c4 Be8 34.Ke2
Bd7 35.Bg2 Be8 36.Kf2 Bd7 37.h4 a5 38.Bd5 Be8 39.Kf3 gxh4 40.gxh4 Bh5+ 41.
Kg3 Kf5 42.Bf3 Bf7 43.b3 a4 44.Kf2 Ke5 45.Ke2 axb3 46.axb3 Be8 47.Kd2 Bd7 
48.Bb7 Bf5 49.Bf3 Bg6 50.Kc3 Be8 51.Kd2 Bd7 1/2-1/2

[Event "XXIV Festival Conca della Presolana A"]
[Site "Bratto - Castione della Presolana ITA"]
[Date "2004.08.23"]
[Round "4"]
[White "De Marco, Walter"]
[Black "Poropat, Marijan"]
[Result "1/2-1/2"]
[WhiteElo "2053"]
[BlackElo "2126"]
[PlyCount "83"]
[EventDate "2004.08.20"]

1.Nf3 Nf6 2.b3 g6 3.Bb2 Bg7 4.e3 O-O 5.d4 d6 6.Bd3 Nbd7 7.O-O e5 8.dxe5 
Ng4 9.c3 Ndxe5 10.Be2 a5 11.Nbd2 a4 12.Rb1 axb3 13.axb3 Ra2 14.h3 Nxf3+ 
15.Nxf3 Nh6 16.Qc2 b6 17.Ra1 Bf5 18.Qc1 Qa8 19.Nd4 Be4 20.Bf3 Bxf3 21.Nxf3
Rxa1 22.Qxa1 Qb7 23.Qb1 b5 24.Qc2 Ra8 25.Rb1 Nf5 26.Qc1 Rb8 27.Nd2 Nh4 28.
Qf1 Qd5 29.Rd1 Qa8 30.Ra1 Qd5 31.Rd1 Qc6 32.g3 Nf5 33.Qg2 Qb6 34.Ra1 b4 
35.Nc4 Qb5 36.Ra5 Qe8 37.cxb4 Bxb2 38.Nxb2 Kg7 39.Nd3 h5 40.g4 hxg4 41.
Qxg4 Nh6 42.Qg2 1/2-1/2

[Event "XXIV Festival Conca della Presolana A"]
[Site "Bratto - Castione della Presolana ITA"]
[Date "2004.08.23"]
[Round "4"]
[White "De Vita, Igor"]
[Black "Turci, Alberto"]
[Result "1/2-1/2"]
[WhiteElo "2156"]
[BlackElo "2023"]
[PlyCount "168"]
[EventDate "2004.08.20"]

1.d4 Nf6 2.c4 e5 3.e3 exd4 4.exd4 Bb4+ 5.Nd2 O-O 6.Bd3 Re8+ 7.Ne2 d5 8.O-O
dxc4 9.Nxc4 Nc6 10.Bg5 h6 11.Bh4 Be7 12.Rc1 Nb4 13.Bb1 Nbd5 14.Ne5 Be6 15.
a3 a5 16.Qd3 c6 17.f4 Qb6 18.Nc4 Qa6 19.Ng3 Kf8 20.f5 Bd7 21.Rce1 Rad8 22.
Qc2 c5 23.dxc5 Bxc5+ 24.Kh1 Rxe1 25.Rxe1 Re8 26.Ne5 Qd6 27.Nxd7+ Nxd7 28.
Rxe8+ Kxe8 29.Qe2+ Qe5 30.Qxe5+ Nxe5 31.Be4 Ne3 32.Bxb7 Nd3 33.Bc6+ Kf8 
34.Ne4 Bd4 35.b3 Nxf5 36.Bd8 Nc5 37.Nxc5 Bxc5 38.Bxa5 Bxa3 39.Bc3 Bc5 40.
b4 Nd4 41.Ba4 Bb6 42.g4 Ke7 43.Kg2 Ke6 44.Bd1 f5 45.gxf5+ Kxf5 46.Be1 g6 
47.Bf2 g5 48.h3 Kf4 49.Bh5 Ke4 50.Bg6+ Ke5 51.Be8 Kf5 52.Bd7+ Kf6 53.Be8 
Kf5 54.Be3 Ke4 55.Bg1 Kf4 56.Bh2+ Kf5 57.Bd6 Ne2 58.Bf8 Nf4+ 59.Kh1 h5 60.
Bd7+ Kf6 61.Kh2 g4 62.hxg4 hxg4 63.Bxg4 Ke5 64.Kg3 Nd5 65.Bg7+ Kd6 66.Kf3 
Kc6 67.Bf8 Bd4 68.Be6 Nc7 69.Bc4 Bc3 70.Ke4 Be1 71.Kd3 Nb5 72.Bb3 Nc7 73.
Kc4 Ne6 74.Ba4+ Kb6 75.Bh6 Bf2 76.Bd7 Nc7 77.Bg5 Kb7 78.Be7 Na8 79.Bg4 
Nb6+ 80.Kb5 Nc8 81.Bxc8+ Kxc8 82.Kc6 Be3 83.b5 Bf2 84.Bd6 Be3 1/2-1/2

[Event "XXIV Festival Conca della Presolana A"]
[Site "Bratto - Castione della Presolana ITA"]
[Date "2004.08.23"]
[Round "4"]
[White "Delfino, Luigi"]
[Black "Shytaj, Carlo"]
[Result "0-1"]
[WhiteElo "2084"]
[BlackElo "2214"]
[PlyCount "44"]
[EventDate "2004.08.20"]

1.e4 d6 2.d4 Nf6 3.Nc3 e5 4.dxe5 dxe5 5.Qxd8+ Kxd8 6.Nf3 Bd6 7.Bg5 c6 8.
O-O-O Ke7 9.Nh4 h6 10.Bxf6+ gxf6 11.Nf5+ Bxf5 12.exf5 Bc7 13.Bc4 Rg8 14.
Ne4 b5 15.Bb3 Na6 16.Bxf7 Kxf7 17.Rd7+ Kf8 18.Rhd1 Rxg2 19.R1d3 Rg1+ 20.
Kd2 Rg7 21.Nxf6 Rxd7 22.Rxd7 Rd8 0-1

[Event "XXIV Festival Conca della Presolana A"]
[Site "Bratto - Castione della Presolana ITA"]
[Date "2004.08.23"]
[Round "4"]
[White "Drabke, Lorenz Maximilian"]
[Black "Epishin, Vladimir V."]
[Result "1/2-1/2"]
[WhiteElo "2428"]
[BlackElo "2635"]
[PlyCount "67"]
[EventDate "2004.08.20"]

1.e4 c5 2.Nf3 e6 3.d4 cxd4 4.Nxd4 a6 5.Nc3 b5 6.Bd3 Qb6 7.Nf3 Qc7 8.O-O 
Bb7 9.Re1 Be7 10.Bd2 b4 11.Na4 Nf6 12.e5 Nd5 13.c4 bxc3 14.Nxc3 Nxc3 15.
Bxc3 Bd5 16.Nd2 Nc6 17.Qg4 g6 18.Be4 O-O 19.Bxd5 exd5 20.Nf3 Rab8 21.Rad1 
Rb5 22.Qf4 Nd8 23.Nd4 Rc5 24.Bb4 Ne6 25.Qh6 Qb6 26.Nxe6 fxe6 27.Bxc5 Bxc5 
28.Re2 Bxf2+ 29.Kh1 Bc5 30.h3 Qb5 31.Qd2 Kg7 32.Qd3 Qb6 33.b3 h5 34.Rc2 
1/2-1/2

[Event "XXIV Festival Conca della Presolana A"]
[Site "Bratto - Castione della Presolana ITA"]
[Date "2004.08.23"]
[Round "4"]
[White "Drazic, Sinisa"]
[Black "Sedina, Elena"]
[Result "1/2-1/2"]
[WhiteElo "2461"]
[BlackElo "2396"]
[PlyCount "87"]
[EventDate "2004.08.20"]

1.g3 d5 2.Bg2 c6 3.d3 Nf6 4.f4 g6 5.Nf3 Bg7 6.c3 Qb6 7.Qb3 Nbd7 8.Na3 O-O 
9.Qxb6 axb6 10.O-O Re8 11.Nc2 e5 12.f5 Nc5 13.Nh4 e4 14.d4 Ncd7 15.a4 Nf8 
16.Bf4 Nh5 17.fxg6 hxg6 18.Bc7 Bf5 19.e3 Nd7 20.Rf2 Rec8 21.Bd6 Nhf6 22.h3
Be6 23.g4 Ne8 24.Bg3 Bh6 25.Nf5 gxf5 26.gxf5 Ng7 27.fxe6 fxe6 28.Bf4 Bxf4 
29.Rxf4 Rf8 30.Rxf8+ Nxf8 31.Bf1 Ng6 32.Be2 Nh4 33.Bg4 Ngf5 34.Kf2 Kf7 35.
Ra3 Ke7 36.Rb3 Rxa4 37.Rxb6 Ra7 38.Rb3 Kd6 39.Ra3 Rxa3 40.Nxa3 e5 41.Nc2 
c5 42.dxe5+ Kxe5 43.b4 b6 44.bxc5 1/2-1/2

[Event "XXIV Festival Conca della Presolana A"]
[Site "Bratto - Castione della Presolana ITA"]
[Date "2004.08.23"]
[Round "4"]
[White "Gosio, Denis"]
[Black "Lucaroni, Massimiliano"]
[Result "0-1"]
[WhiteElo "2170"]
[BlackElo "2305"]
[PlyCount "102"]
[EventDate "2004.08.20"]

1.e4 e5 2.Nf3 Nc6 3.Bb5 a6 4.Ba4 Nf6 5.O-O Be7 6.Re1 b5 7.Bb3 d6 8.c3 O-O 
9.d3 Na5 10.Bc2 c5 11.Nbd2 Re8 12.Nf1 h6 13.Ng3 Bf8 14.Qe2 Nc6 15.h3 Be6 
16.Nh2 d5 17.Qf3 d4 18.a3 c4 19.dxc4 bxc4 20.Ba4 Bd7 21.Nf5 Re6 22.Nf1 Nh7
23.Rd1 d3 24.b3 Na5 25.Bxd7 Qxd7 26.bxc4 Rd8 27.Nd2 Bc5 28.h4 Qa4 29.Rf1 
Nf8 30.Ne3 Bxe3 31.Qxe3 Nxc4 32.Nxc4 Qxc4 33.Bd2 Nd7 34.Rab1 a5 35.g3 Nc5 
36.f3 Nb3 37.Kg2 Rc6 38.Rfd1 Qa4 39.Bc1 d2 40.Bxd2 Qxa3 41.c4 a4 42.Qc3 
Qd6 43.Rxb3 axb3 44.Qxb3 Qd3 45.Qxd3 Rxd3 46.c5 g5 47.hxg5 hxg5 48.Kf1 Rf6
49.Ke2 Rdxf3 50.Be3 Rxg3 51.Kd2 Rff3 0-1

[Event "XXIV Festival Conca della Presolana A"]
[Site "Bratto - Castione della Presolana ITA"]
[Date "2004.08.23"]
[Round "4"]
[White "Guido, Flavio"]
[Black "Zoldan, Matteo"]
[Result "1/2-1/2"]
[WhiteElo "2338"]
[BlackElo "2103"]
[PlyCount "44"]
[EventDate "2004.08.20"]

1.e4 c5 2.c3 d6 3.d4 Nf6 4.f3 cxd4 5.cxd4 g6 6.Nc3 Bg7 7.Be3 O-O 8.Qd2 e5 
9.Nge2 exd4 10.Bxd4 Nc6 11.Be3 d5 12.exd5 Nb4 13.Bc5 Nbxd5 14.Nxd5 Nxd5 
15.Bxf8 Bxf8 16.O-O-O Qc7+ 17.Kb1 Bf5+ 18.Ka1 Nb4 19.g4 Nc2+ 20.Kb1 Na3+ 
21.Ka1 Nc2+ 22.Kb1 Na3+ 1/2-1/2